000 00352nam a2200133Ia 4500
005 20260328104304.0
008 260328s9999||||xx |||||||||||||| ||und||
100 _aCamin, Giulia
245 0 _aLos Grandes Museos :
_b la Arquitectura del Arte en el Mundo /
_cGiulia Camin
260 _bLibsa
300 _a300 p.
650 _aFOTOGRAFÍA
942 _cBK
999 _c10684
_d10684